000 00904cam a22002897a 4500
003 CHAP
005 20220329135817.0
008 971013s r 00010 d
010 _a42597
011 _a43569
035 _a47705
040 _cCHAP
090 _aFolleto 3997
110 _aMéxico. Dirección General de Sanidad Vegetal
_977045
245 0 _aFertilización básica para mango y aguacatero
260 _a(s.l. :
_bs.e.),
_c(s.a.)
300 _a(s.p.)
590 _aBATCH-UPD
_b10
_c20130110
_lUCH01
_h0132
590 _aBATCH-UPD
_b10
_c20130110
_lUCH01
_h2333
590 _aCONVERSION
_b10
_c20130109
_lUCH01
_h1323
650 1 4 _aFertilizantes para aguacate.
_940598
650 1 4 _aFertilizantes para mango.
_940624
901 _aBK
942 _cFOLL
949 _aFolleto 3997
_bBC
_cFOLL
_d-108304
_eTS1
_i47705
_mD
_si
949 _aFolleto 3997
_bBC
_cFOLL
_d-108305
_eTS2
_fc.2
_i47705
_mD
_si
999 _c42597
_d42597